000 00452nam a2200181Ia 4500
003 GCL
008 140319s9999 xx 000 0 ara d
040 _aGCL /
_cGCL
082 0 4 _a920.71
_bح ص
245 1 0 _aصور من البطولة
300 _a373 ص
490 _a
650 0 4 _aتاريخ
650 0 4 _aالتاريخ الاسلامى
650 0 4 _aالعصور القديمة
650 0 4 _aالعصور الحديثة
942 _2ddc
_cBK
999 _c45264
_d45264